The Ashgate research companion to critical geopolitics / (Record no. 15526)

000 -LEADER
fixed length control field 00994cam a2200277 a 4500
001 - CONTROL NUMBER
control field 17328535
005 - DATE AND TIME OF LATEST TRANSACTION
control field 20170105102920.0
008 - FIXED-LENGTH DATA ELEMENTS--GENERAL INFORMATION
fixed length control field 120601s2013 enkab b 001 0 eng
010 ## - LIBRARY OF CONGRESS CONTROL NUMBER
LC control number 2012019645
020 ## - INTERNATIONAL STANDARD BOOK NUMBER
International Standard Book Number 9781409423805 (hbk. : alk. paper)
040 ## - CATALOGING SOURCE
Original cataloging agency DLC
Transcribing agency DLC
Modifying agency DLC
042 ## - AUTHENTICATION CODE
Authentication code pcc
050 00 - LIBRARY OF CONGRESS CALL NUMBER
Classification number JC319
Item number .A835 2013
082 00 - DEWEY DECIMAL CLASSIFICATION NUMBER
Classification number 320.1/2
Edition number 23
245 04 - TITLE STATEMENT
Title The Ashgate research companion to critical geopolitics /
Statement of responsibility, etc. edited by Klaus Dodds, Merje Kuus, Joanne Sharp.
260 ## - PUBLICATION, DISTRIBUTION, ETC.
Place of publication, distribution, etc. Farnham, Surrey, England ;
-- Burlington, VT :
Name of publisher, distributor, etc. Ashgate,
Date of publication, distribution, etc. c2013.
300 ## - PHYSICAL DESCRIPTION
Extent xxi, 548 p. :
Other physical details ill., maps ;
Dimensions 25 cm.
504 ## - BIBLIOGRAPHY, ETC. NOTE
Bibliography, etc. note Includes bibliographical references and index.
650 #0 - SUBJECT ADDED ENTRY--TOPICAL TERM
Topical term or geographic name entry element Geopolitics.
700 1# - ADDED ENTRY--PERSONAL NAME
Personal name Dodds, Klaus.
700 1# - ADDED ENTRY--PERSONAL NAME
Personal name Kuus, Merje.
700 1# - ADDED ENTRY--PERSONAL NAME
Personal name Sharp, Joanne P.
906 ## - LOCAL DATA ELEMENT F, LDF (RLIN)
a 7
b cbc
c orignew
d 1
e ecip
f 20
g y-gencatlg
942 ## - ADDED ENTRY ELEMENTS (KOHA)
Source of classification or shelving scheme
Koha item type Book
Holdings
Withdrawn status Lost status Damaged status Not for loan Collection code Permanent Location Current Location Shelving location Date acquired Total Checkouts Full call number Barcode Date last seen Date last checked out Price effective from Koha item type
          Centre for International Peace & Stability (CIPS) Centre for International Peace & Stability (CIPS) General Stacks 10/02/2013 1 320.12 ASH 2013 CIPS0001518 07/09/2025 05/30/2025 12/03/2013 Book
© 2023 Central Library, National University of Sciences and Technology. All Rights Reserved.